[Event "Marplatense Elo op"]
[Site "Argentina"]
[Date "2018.10.19"]
[Round "6"]
[White "Cugat, Xavier"]
[Black "Iribarne, Lucas"]
[Result "0-1"]
[WhiteElo "1627"]
[BlackElo "1706"]
[PlyCount "52"]
[EventDate "2018.10.08"]
[EventType "swiss"]
[EventRounds "9"]
[EventCountry "ARG"]
[SourceTitle "CBM 187 Extra"]
[Source "ChessBase"]
[SourceDate "2018.11.04"]
[SourceVersion "1"]
[SourceVersionDate "2018.11.04"]
[SourceQuality "1"]

1. d4 f5 2. c4 Nf6 3. Nf3 g6 4. Nc3 Bg7 5. g3 0-0 6. Bg2 d6 7. 0-0 c6 8. Qc2 Qe8 9. e4 fxe4 10. Nxe4 Bf5 11. Nxf6+ Rxf6 12. Qb3 Qd7 13. Bg5 Rf7 14. Bf4 h6 15. h4 b6 16. Rae1 a5 17. Qe3 Kh7 18. Kh2 Na6 19. a3 Nc7 20. Qd2 Raf8 21. Ng1 Ne6 22. Be3 g5 23. d5 cxd5 24. Bxd5 gxh4 25. gxh4 Rf6 26. Nh3 Bxh3 0-1